Thai GL Actresses - Statistics

General Stats
  • This quiz has been taken 336 times
  • The average score is 50 of 81
Answer Stats
% Correct
Namtan
96%
Milk
93%
Love
92%
Becky
91%
Charlotte
91%
Engfa
91%
Film
91%
Freen
91%
Fay
89%
Fay
89%
Orm
89%
Lingling
88%
Bonnie
87%
Emi
87%
June
86%
June
86%
Mim
85%
Sonya
84%
View
84%
Lookmhee
80%
Yoko
79%
Apple
78%
Miu
78%
Faye
77%
Lena
76%
May
76%
Ciize
75%
Jingjing
73%
Pahn
72%
Ginny
71%
Jane
71%
Jayna
71%
Mable
71%
Mew
71%
Enjoy
70%
Kapook
69%
Kao
67%
Atom
66%
Grace
65%
Grace
65%
Shelly
62%
Nur
61%
Arhoung
60%
Pam
60%
Pundao
60%
Tk
60%
Pangjie
58%
Mewnich
57%
Oaey
57%
Lilly
56%
Belle
55%
Janhae
55%
Ice
54%
Piploy
53%
Earn
48%
Anda
47%
Bam
47%
Namnueng
45%
Natt
44%
Lookkaew
43%
Mimu
43%
Oom
43%
Noey
42%
Memi
41%
Pitcha
40%
Neko
39%
Christine
37%
Praew
36%
Fond
35%
Mae
35%
Veronica
35%
Bmine
32%
Miusic
32%
Plaifah
30%
Linn
29%
Friend
27%
Gene
27%
Near
27%
Palm
27%
Noon
24%
Praewa
24%
No matching quizzes found
Score Distribution
Percent of People with Each Score
Percentile by Number Answered
Your Score History
You have not taken this quiz